000
00323nam a22001457a 4500
008
180226b xxu||||| |||| 00| 0 eng d
020
_a
0815158459
041
_a
eng
080
_a
617 COY
082
_a
617 COY
100
_a
5
101
_a
KIR
245
_a
Plastic and reconstructive surgery
_c
Coy,M
942
_2
udc
_c
BK
999
_c
43415
_d
43415